000 nam a22 7a 4500
999 _c369711
_d369711
003 BLK
005 20200619151720.0
008 200619b bu ||||| |||| 00| 0 bu d
020 _a954-11-0070-8
040 _aBLK
041 _aBUL
_cBUL
080 _aАмериканска литература (на САЩ)
_b821.111(73)
_x-31
_z821.111(73)-31
100 _9253822
_aКембъл, Бетани
_eпърви автор
139 _aКембъл, Бетани
245 _aЛюбовен лабиринт
_bРоман
_cБетани Кембъл ; прев. от англ. Светла Балуцова.
257 _aUSA
260 _9216887
_aСофия
_bАрлекин България
_c1993
_n954-11-
300 _a154 с.
_c17 см
380 _aX
490 _9416005
_aАрлекин. Романс
_v35
500 _aОриг. загл. Spellbinder / Bethany Campbell. - Офс. изд.
700 1 _936199
_aБалуцова, Светла
_eпрев. от англ.
852 _aЦб І 26603
_bЦб
942 _cKNG
_n0
_s1
999 _d369709
999 _d369704
999 _d369691
999 _d369682
999 _d369679
999 _d369674
999 _d369672
999 _d369670
999 _d369669
999 _d369668